Sports Quiz

Random Sports or NFL Quiz
Score 0/10 Timer 01:30
0 Plays Today
Yards The Answer % Correct
1,319Lesean McCoy
100%
1,845DeMarco Murray
98.2%
1,106Frank Gore
98.2%
1,361Le'Veon Bell
97.2%
1,306Marshawn Lynch
97.2%
1,246Arian Foster
96.3%
1,139Eddie Lacy
96.3%
1,266Justin Forsett
90.8%
1,124Jeremy Hill
89.9%
1,099Lamar Miller
89.9%
Remove Ads.
Support Sporcle.
Get the best of Sporcle when you Go Orange. This ad-free experience offers more features, more stats, and more fun while also helping to support Sporcle. Thank you for becoming a member.

You're not logged in!

Compare scores with friends on all Sporcle quizzes.
OR
Log In

Show Comments

Extras

Top Quizzes Today


Score Distribution

Your Account Isn't Verified!

In order to create a playlist on Sporcle, you need to verify the email address you used during registration. Go to your Sporcle Settings to finish the process.

Report this User

Report this user for behavior that violates our Community Guidelines.

Details: